[Event "European Individual Chess Championship 2017"]
[Site "?"]
[Date "2017.05.31"]
[Round "2.65"]
[White "Lopez Martinez, Josep Manuel"]
[Black "Diermair, Andreas"]
[Result "1-0"]
[BlackElo "2472"]
[WhiteElo "2597"]
[LiveChessVersion "1.4.8"]

1. e4 {[%clk 1:30:20]} e5 {[%clk 1:30:46]} 2. Nf3 {[%clk 1:30:33]} Nc6
{[%clk 1:31:13]} 3. Bb5 {[%clk 1:30:36]} a6 {[%clk 1:31:33]} 4. Ba4
{[%clk 1:30:56]} Nf6 {[%clk 1:31:52]} 5. O-O {[%clk 1:31:09]} Be7
{[%clk 1:32:14]} 6. Re1 {[%clk 1:30:42]} b5 {[%clk 1:32:34]} 7. Bb3
{[%clk 1:31:07]} d6 {[%clk 1:32:55]} 8. c3 {[%clk 1:30:20]} O-O {[%clk 1:33:17]}
9. h3 {[%clk 1:30:42]} Bb7 {[%clk 1:30:52]} 10. d4 {[%clk 1:30:20]} Re8
{[%clk 1:29:34]} 11. Nbd2 {[%clk 1:29:05]} Bf8 {[%clk 1:29:52]} 12. d5
{[%clk 1:29:00]} Nb8 {[%clk 1:30:00]} 13. Nf1 {[%clk 1:29:15]} Nbd7
{[%clk 1:30:09]} 14. Bg5 {[%clk 1:29:07]} h6 {[%clk 1:23:57]} 15. Bxf6
{[%clk 1:25:53]} Nxf6 {[%clk 1:16:58]} 16. N3h2 {[%clk 1:25:30]} h5
{[%clk 1:15:54]} 17. Qc2 {[%clk 1:17:06]} g6 {[%clk 1:11:56]} 18. Nf3
{[%clk 1:16:29]} Bh6 {[%clk 1:00:35]} 19. a4 {[%clk 1:13:35]} Nd7
{[%clk 0:58:22]} 20. Ba2 {[%clk 1:13:06]} Qe7 {[%clk 0:35:11]} 21. N1d2
{[%clk 1:06:33]} Bc8 {[%clk 0:30:21]} 22. b4 {[%clk 1:04:36]} Kg7
{[%clk 0:27:21]} 23. Bb3 {[%clk 1:03:28]} Rb8 {[%clk 0:27:00]} 24. axb5
{[%clk 1:02:50]} axb5 {[%clk 0:27:20]} 25. Ra7 {[%clk 1:03:04]} Nb6
{[%clk 0:20:23]} 26. Qd3 {[%clk 0:59:53]} Rh8 {[%clk 0:13:28]} 27. Nf1
{[%clk 0:55:39]} Qd7 {[%clk 0:11:24]} 28. Ra5 {[%clk 0:50:53]} Ra8
{[%clk 0:08:23]} 29. Rxa8 {[%clk 0:47:35]} Nxa8 {[%clk 0:08:52]} 30. Ra1
{[%clk 0:47:48]} Nb6 {[%clk 0:09:07]} 31. Ra7 {[%clk 0:47:31]} Rf8
{[%clk 0:07:04]} 32. Qe2 {[%clk 0:41:16]} f6 {[%clk 0:06:21]} 33. Ne1
{[%clk 0:39:34]} Rf7 {[%clk 0:05:46]} 34. Nc2 {[%clk 0:39:45]} Qe8
{[%clk 0:03:59]} 35. Na3 {[%clk 0:39:57]} Bd7 {[%clk 0:04:26]} 36. Rxc7
{[%clk 0:37:37]} Qb8 {[%clk 0:02:45]} 37. Nxb5 {[%clk 0:37:18]} Na8
{[%clk 0:03:04]} 38. Rc6 {[%clk 0:37:35]} Bxc6 {[%clk 0:02:13]} 39. dxc6
{[%clk 0:37:56]} Re7 {[%clk 0:02:36]} 40. Qd3 {[%clk 1:07:43]} 1-0

[Event "European Individual Chess Championship 2017"]
[Site "?"]
[Date "2017.05.31"]
[Round "2.66"]
[White "Sarana, Alexey"]
[Black "Bogdanovich, Stanislav"]
[Result "1/2-1/2"]
[BlackElo "2596"]
[WhiteElo "2472"]
[LiveChessVersion "1.4.8"]

1. d4 {[%clk 1:30:56]} d5 {[%clk 1:30:54]} 2. c4 {[%clk 1:31:16]} dxc4
{[%clk 1:31:19]} 3. Nf3 {[%clk 1:31:27]} Nf6 {[%clk 1:31:16]} 4. e3
{[%clk 1:31:43]} e6 {[%clk 1:31:36]} 5. Bxc4 {[%clk 1:32:00]} c5 {[%clk 1:31:59]}
6. O-O {[%clk 1:32:05]} Nc6 {[%clk 1:31:58]} 7. Qe2 {[%clk 1:30:56]} a6
{[%clk 1:31:28]} 8. Rd1 {[%clk 1:30:30]} Qc7 {[%clk 1:31:02]} 9. a3
{[%clk 1:30:01]} Bd6 {[%clk 1:29:00]} 10. dxc5 {[%clk 1:27:46]} Bxc5
{[%clk 1:22:35]} 11. b4 {[%clk 1:28:02]} Bd6 {[%clk 1:22:51]} 12. Bb2
{[%clk 1:25:46]} Ne5 {[%clk 1:19:59]} 13. Nbd2 {[%clk 1:20:21]} Bd7
{[%clk 1:18:20]} 14. Rac1 {[%clk 1:12:50]} Qb8 {[%clk 1:13:12]} 15. Nxe5
{[%clk 0:51:04]} Bxe5 {[%clk 1:06:37]} 16. Bxe5 {[%clk 0:51:27]} Qxe5
{[%clk 1:07:02]} 17. Nf3 {[%clk 0:51:40]} Qh5 {[%clk 1:01:33]} 18. Bd3
{[%clk 0:45:57]} Ba4 {[%clk 0:44:15]} 19. Re1 {[%clk 0:33:02]} O-O
{[%clk 0:33:13]} 20. Rc5 {[%clk 0:31:54]} Nd5 {[%clk 0:29:22]} 21. Rc4
{[%clk 0:25:08]} Bb5 {[%clk 0:25:45]} 22. Rh4 {[%clk 0:24:43]} Bxd3
{[%clk 0:26:11]} 23. Qxd3 {[%clk 0:25:09]} Qg6 {[%clk 0:26:18]} 24. Qxg6
{[%clk 0:17:15]} hxg6 {[%clk 0:26:40]} 25. Rc4 {[%clk 0:17:34]} Rfc8
{[%clk 0:22:28]} 26. Rec1 {[%clk 0:17:43]} Rxc4 {[%clk 0:20:36]} 27. Rxc4
{[%clk 0:17:56]} Nb6 {[%clk 0:18:33]} 28. Rc7 {[%clk 0:15:37]} Rc8
{[%clk 0:14:46]} 29. Rxc8+ {[%clk 0:15:58]} Nxc8 {[%clk 0:15:14]} 30. Kf1
{[%clk 0:16:08]} Nd6 {[%clk 0:15:23]} 31. Ne5 {[%clk 0:16:08]} g5
{[%clk 0:09:09]} 32. Ke2 {[%clk 0:15:59]} Kf8 {[%clk 0:07:17]} 33. Kd3
{[%clk 0:15:17]} Ke7 {[%clk 0:07:17]} 34. Nc4 {[%clk 0:15:24]} g4
{[%clk 0:04:04]} 35. Ne5 {[%clk 0:11:01]} f5 {[%clk 0:04:19]} 36. f3
{[%clk 0:11:15]} gxf3 {[%clk 0:04:37]} 37. gxf3 {[%clk 0:11:41]} Kf6
{[%clk 0:01:29]} 38. Nd7+ {[%clk 0:11:54]} Ke7 {[%clk 0:01:43]} 39. Ne5
{[%clk 0:12:12]} Kf6 {[%clk 0:01:25]} 40. Nd7+ {[%clk 0:42:38]} Ke7
{[%clk 0:31:49]} 41. Ne5 1/2-1/2

[Event "European Individual Chess Championship 2017"]
[Site "?"]
[Date "2017.05.31"]
[Round "2.67"]
[White "Buhmann, Rainer"]
[Black "Goryachkina, Aleksandra"]
[Result "1/2-1/2"]
[BlackElo "2470"]
[WhiteElo "2596"]
[LiveChessVersion "1.4.8"]

1. Nf3 {[%clk 1:27:46]} d5 {[%clk 1:30:52]} 2. d4 {[%clk 1:28:04]} Nf6
{[%clk 1:31:16]} 3. c4 {[%clk 1:28:25]} c6 {[%clk 1:31:41]} 4. e3
{[%clk 1:28:45]} Bf5 {[%clk 1:31:46]} 5. Nc3 {[%clk 1:29:04]} e6 {[%clk 1:32:05]}
6. Nh4 {[%clk 1:29:14]} Bg6 {[%clk 1:31:50]} 7. Nxg6 {[%clk 1:28:52]} hxg6
{[%clk 1:32:12]} 8. a3 {[%clk 1:28:37]} Nbd7 {[%clk 1:30:44]} 9. g3
{[%clk 1:28:24]} Be7 {[%clk 1:28:00]} 10. c5 {[%clk 1:28:10]} e5 {[%clk 1:23:39]}
11. Bg2 {[%clk 1:26:54]} e4 {[%clk 1:22:34]} 12. b4 {[%clk 1:24:20]} Nf8
{[%clk 1:20:45]} 13. Rb1 {[%clk 1:18:38]} Qd7 {[%clk 1:16:49]} 14. b5
{[%clk 1:13:42]} g5 {[%clk 1:14:55]} 15. f3 {[%clk 1:03:14]} exf3
{[%clk 1:13:36]} 16. Qxf3 {[%clk 1:03:17]} g4 {[%clk 1:11:54]} 17. Qf2
{[%clk 0:55:44]} Ne6 {[%clk 1:11:35]} 18. O-O {[%clk 0:51:40]} O-O
{[%clk 1:08:51]} 19. Bd2 {[%clk 0:28:00]} Rae8 {[%clk 1:04:50]} 20. Rb4
{[%clk 0:20:07]} Bd8 {[%clk 0:41:17]} 21. Ra4 {[%clk 0:17:19]} a6
{[%clk 0:34:09]} 22. bxa6 {[%clk 0:16:17]} bxa6 {[%clk 0:34:33]} 23. Rxa6
{[%clk 0:14:14]} Qb7 {[%clk 0:32:22]} 24. Ra4 {[%clk 0:13:10]} Ng5
{[%clk 0:31:25]} 25. Rb4 {[%clk 0:10:19]} Qa6 {[%clk 0:29:49]} 26. Qf5
{[%clk 0:08:30]} Nge4 {[%clk 0:25:09]} 27. Nxe4 {[%clk 0:07:46]} dxe4
{[%clk 0:22:03]} 28. Rb3 {[%clk 0:05:51]} g6 {[%clk 0:20:26]} 29. Qf4
{[%clk 0:05:27]} Qe2 {[%clk 0:19:40]} 30. Qf2 {[%clk 0:05:17]} Qc4
{[%clk 0:19:11]} 31. Rb7 {[%clk 0:03:56]} Nh7 {[%clk 0:18:02]} 32. h3
{[%clk 0:02:49]} gxh3 {[%clk 0:15:39]} 33. Bxh3 {[%clk 0:03:17]} Ng5
{[%clk 0:15:54]} 34. Bg2 {[%clk 0:03:43]} Re6 {[%clk 0:14:02]} 35. Qe1
{[%clk 0:02:16]} Qa6 {[%clk 0:05:55]} 36. Rd7 {[%clk 0:02:24]} Qxa3
{[%clk 0:03:53]} 37. Qb1 {[%clk 0:01:21]} Qa6 {[%clk 0:02:44]} 38. Rf2
{[%clk 0:01:37]} Ba5 {[%clk 0:01:59]} 39. Qb7 {[%clk 0:00:54]} Qxb7
{[%clk 0:01:37]} 40. Rxb7 {[%clk 0:31:23]} Bxd2 {[%clk 0:31:47]} 41. Rxd2
{[%clk 0:31:51]} Ra8 {[%clk 0:30:36]} 42. Rdb2 {[%clk 0:25:34]} Ra1+
{[%clk 0:28:30]} 43. Rb1 {[%clk 0:25:54]} Ra2 {[%clk 0:28:19]} 44. R1b2
{[%clk 0:24:08]} Ra1+ {[%clk 0:28:36]} 45. Rb1 {[%clk 0:24:30]} Ra2
{[%clk 0:29:01]} 46. R1b2 {[%clk 0:24:30]} 1/2-1/2

[Event "European Individual Chess Championship 2017"]
[Site "?"]
[Date "2017.05.31"]
[Round "2.68"]
[White "Basso, Pier Luigi"]
[Black "Prohaszka, Peter"]
[Result "0-1"]
[BlackElo "2596"]
[WhiteElo "2447"]
[LiveChessVersion "1.4.8"]

1. d4 {[%clk 1:30:56]} Nf6 {[%clk 1:27:55]} 2. c4 {[%clk 1:31:16]} e6
{[%clk 1:28:20]} 3. Nc3 {[%clk 1:31:40]} d5 {[%clk 1:28:47]} 4. Nf3
{[%clk 1:32:05]} a6 {[%clk 1:29:13]} 5. cxd5 {[%clk 1:30:06]} exd5
{[%clk 1:29:38]} 6. Bg5 {[%clk 1:29:52]} Be6 {[%clk 1:29:33]} 7. e3
{[%clk 1:29:45]} Nbd7 {[%clk 1:29:00]} 8. Bd3 {[%clk 1:25:07]} Bd6
{[%clk 1:28:20]} 9. O-O {[%clk 1:21:24]} O-O {[%clk 1:28:23]} 10. Qc2
{[%clk 1:10:14]} h6 {[%clk 1:26:27]} 11. Bf4 {[%clk 1:08:58]} Qe7
{[%clk 1:26:10]} 12. h3 {[%clk 1:04:36]} Rfe8 {[%clk 1:09:43]} 13. Rac1
{[%clk 1:02:43]} Rac8 {[%clk 1:08:47]} 14. Rfd1 {[%clk 1:01:23]} c6
{[%clk 0:55:38]} 15. Na4 {[%clk 0:54:18]} Bxf4 {[%clk 0:42:09]} 16. exf4
{[%clk 0:54:39]} Ne4 {[%clk 0:42:30]} 17. b4 {[%clk 0:43:14]} Qxb4
{[%clk 0:15:42]} 18. Rb1 {[%clk 0:43:32]} Qd6 {[%clk 0:16:02]} 19. Rxb7
{[%clk 0:42:36]} Qxf4 {[%clk 0:10:26]} 20. Bxa6 {[%clk 0:39:21]} Ra8
{[%clk 0:10:00]} 21. Bf1 {[%clk 0:30:31]} Bxh3 {[%clk 0:06:05]} 22. gxh3
{[%clk 0:16:53]} Qxf3 {[%clk 0:06:29]} 23. Bg2 {[%clk 0:17:17]} Qf5
{[%clk 0:05:55]} 24. Rxd7 {[%clk 0:14:16]} Rxa4 {[%clk 0:03:00]} 25. Qxa4
{[%clk 0:08:25]} Qxf2+ {[%clk 0:02:54]} 26. Kh2 {[%clk 0:06:20]} Qg3+
{[%clk 0:03:01]} 27. Kg1 {[%clk 0:06:38]} Nc3 {[%clk 0:01:44]} 28. Rd8
{[%clk 0:04:16]} Rxd8 {[%clk 0:01:34]} 29. Qa5 {[%clk 0:04:38]} Re8
{[%clk 0:01:17]} 0-1

[Event "European Individual Chess Championship 2017"]
[Site "?"]
[Date "2017.05.31"]
[Round "2.69"]
[White "Pantsulaia, Levan"]
[Black "Minko, Vladimir"]
[Result "1/2-1/2"]
[BlackElo "2438"]
[WhiteElo "2594"]
[LiveChessVersion "1.4.8"]

1. c4 {[%clk 1:30:57]} e6 {[%clk 1:24:40]} 2. Nf3 {[%clk 1:30:51]} d5
{[%clk 1:24:48]} 3. b3 {[%clk 1:30:26]} c5 {[%clk 1:23:56]} 4. e3
{[%clk 1:26:23]} d4 {[%clk 1:22:36]} 5. exd4 {[%clk 1:23:53]} cxd4
{[%clk 1:22:59]} 6. g3 {[%clk 1:24:13]} Nc6 {[%clk 1:20:57]} 7. Bg2
{[%clk 1:24:35]} Nf6 {[%clk 1:19:57]} 8. O-O {[%clk 1:24:49]} h6 {[%clk 1:16:30]}
9. Re1 {[%clk 1:24:41]} Bd6 {[%clk 1:15:22]} 10. Bb2 {[%clk 1:05:46]} Qb6
{[%clk 1:13:10]} 11. Ba3 {[%clk 1:01:15]} Bxa3 {[%clk 1:10:53]} 12. Nxa3
{[%clk 1:01:37]} Qc5 {[%clk 1:01:43]} 13. Qc1 {[%clk 0:47:02]} d3
{[%clk 0:52:03]} 14. Qb2 {[%clk 0:46:04]} O-O {[%clk 0:42:08]} 15. Ne5
{[%clk 0:44:30]} Nxe5 {[%clk 0:40:38]} 16. Rxe5 {[%clk 0:44:51]} Qb6
{[%clk 0:39:01]} 17. c5 {[%clk 0:43:12]} Qc7 {[%clk 0:34:45]} 18. Nb5
{[%clk 0:42:09]} Qe7 {[%clk 0:35:09]} 19. Rc1 {[%clk 0:38:59]} Ng4
{[%clk 0:31:33]} 20. Ree1 {[%clk 0:37:55]} Bd7 {[%clk 0:29:23]} 21. Nd6
{[%clk 0:37:46]} Bc6 {[%clk 0:27:02]} 22. Qd4 {[%clk 0:37:48]} Qg5
{[%clk 0:24:48]} 23. Qxd3 {[%clk 0:29:58]} Qh5 {[%clk 0:22:40]} 24. h3
{[%clk 0:14:21]} Bxg2 {[%clk 0:20:33]} 25. Kxg2 {[%clk 0:12:43]} Qxh3+
{[%clk 0:20:50]} 26. Kf3 {[%clk 0:10:12]} Qh5 {[%clk 0:17:36]} 27. Qe2
{[%clk 0:09:08]} b6 {[%clk 0:12:13]} 28. d4 {[%clk 0:06:34]} e5 {[%clk 0:09:44]}
29. dxe5 {[%clk 0:04:50]} bxc5 {[%clk 0:05:06]} 30. Kg2 {[%clk 0:03:23]} Qh2+
{[%clk 0:04:15]} 31. Kf3 {[%clk 0:03:52]} Qh5 {[%clk 0:04:11]} 32. Kg2
{[%clk 0:04:14]} Qh2+ {[%clk 0:04:12]} 33. Kf3 {[%clk 0:04:39]} Qh5
{[%clk 0:04:12]} 1/2-1/2

[Event "European Individual Chess Championship 2017"]
[Site "?"]
[Date "2017.05.31"]
[Round "2.70"]
[White "Kessler, Luca"]
[Black "Ponkratov, Pavel"]
[Result "0-1"]
[BlackElo "2590"]
[WhiteElo "2431"]
[LiveChessVersion "1.4.8"]

1. e4 {[%clk 1:30:51]} c5 {[%clk 1:29:06]} 2. Nf3 {[%clk 1:30:59]} b6
{[%clk 1:29:33]} 3. d4 {[%clk 1:23:41]} cxd4 {[%clk 1:29:57]} 4. Nxd4
{[%clk 1:23:51]} Bb7 {[%clk 1:30:24]} 5. Nc3 {[%clk 1:23:45]} a6 {[%clk 1:30:47]}
6. Be2 {[%clk 1:16:25]} e6 {[%clk 1:29:48]} 7. O-O {[%clk 1:16:14]} d6
{[%clk 1:28:49]} 8. f4 {[%clk 1:15:58]} Nd7 {[%clk 1:29:01]} 9. Bf3
{[%clk 1:14:07]} Qc7 {[%clk 1:28:41]} 10. Be3 {[%clk 1:08:23]} Ngf6
{[%clk 1:28:59]} 11. Nb3 {[%clk 1:03:45]} b5 {[%clk 1:27:01]} 12. a3
{[%clk 1:03:38]} Be7 {[%clk 1:27:21]} 13. g4 {[%clk 1:02:32]} h6 {[%clk 1:27:15]}
14. Bg2 {[%clk 0:55:27]} Rc8 {[%clk 1:16:54]} 15. h3 {[%clk 0:53:02]} Nb6
{[%clk 1:14:43]} 16. Na5 {[%clk 0:45:37]} Ba8 {[%clk 1:15:02]} 17. g5
{[%clk 0:40:41]} Nfd7 {[%clk 1:11:57]} 18. gxh6 {[%clk 0:33:51]} gxh6
{[%clk 1:10:55]} 19. f5 {[%clk 0:29:29]} e5 {[%clk 1:10:48]} 20. Qd2
{[%clk 0:27:22]} Rg8 {[%clk 1:09:38]} 21. Bxh6 {[%clk 0:22:07]} Nf6
{[%clk 1:08:42]} 22. Rae1 {[%clk 0:21:15]} d5 {[%clk 0:59:10]} 23. exd5
{[%clk 0:19:52]} Nbxd5 {[%clk 0:59:04]} 24. Nxd5 {[%clk 0:18:40]} Nxd5
{[%clk 0:59:23]} 25. Re2 {[%clk 0:13:30]} Rd8 {[%clk 0:59:43]} 26. Kh1
{[%clk 0:04:42]} Rxg2 {[%clk 0:59:23]} 0-1

[Event "European Individual Chess Championship 2017"]
[Site "?"]
[Date "2017.05.31"]
[Round "2.72"]
[White "Postny, Evgeny"]
[Black "Harshkou, Mikita"]
[Result "1-0"]
[BlackElo "2302"]
[WhiteElo "2588"]
[LiveChessVersion "1.4.8"]

1. d4 {[%clk 1:30:54]} e6 {[%clk 1:30:34]} 2. c4 {[%clk 1:31:17]} f5
{[%clk 1:30:58]} 3. g3 {[%clk 1:31:31]} Nf6 {[%clk 1:31:23]} 4. Bg2
{[%clk 1:31:56]} Be7 {[%clk 1:31:49]} 5. Nh3 {[%clk 1:32:04]} O-O
{[%clk 1:31:55]} 6. O-O {[%clk 1:32:18]} d6 {[%clk 1:22:30]} 7. b3
{[%clk 1:32:36]} c6 {[%clk 1:11:26]} 8. Bb2 {[%clk 1:24:55]} Ne4 {[%clk 1:09:42]}
9. Nd2 {[%clk 1:23:34]} Nxd2 {[%clk 0:59:01]} 10. Qxd2 {[%clk 1:23:27]} Bf6
{[%clk 0:59:12]} 11. Nf4 {[%clk 1:19:46]} Qe8 {[%clk 0:57:01]} 12. Nd3
{[%clk 1:13:17]} e5 {[%clk 0:50:04]} 13. dxe5 {[%clk 1:12:55]} dxe5
{[%clk 0:50:00]} 14. e4 {[%clk 1:12:47]} fxe4 {[%clk 0:30:21]} 15. Nc5
{[%clk 1:09:48]} Qe7 {[%clk 0:23:40]} 16. Nxe4 {[%clk 1:10:01]} Bg4
{[%clk 0:23:43]} 17. Rae1 {[%clk 0:55:54]} Nd7 {[%clk 0:21:50]} 18. h3
{[%clk 0:50:00]} Bh5 {[%clk 0:19:36]} 19. g4 {[%clk 0:49:42]} Bg6
{[%clk 0:16:01]} 20. g5 {[%clk 0:49:58]} Bxe4 {[%clk 0:16:23]} 21. gxf6
{[%clk 0:50:14]} 1-0

[Event "European Individual Chess Championship 2017"]
[Site "?"]
[Date "2017.05.31"]
[Round "2.73"]
[White "Azarov, Sergei"]
[Black "Kononenko, Dmitry"]
[Result "1-0"]
[BlackElo "2255"]
[WhiteElo "2582"]
[LiveChessVersion "1.4.8"]

1. e4 {[%clk 1:30:57]} c6 {[%clk 1:30:58]} 2. d4 {[%clk 1:31:11]} d5
{[%clk 1:31:24]} 3. e5 {[%clk 1:31:28]} Bf5 {[%clk 1:31:48]} 4. Nf3
{[%clk 1:31:43]} e6 {[%clk 1:32:14]} 5. Be2 {[%clk 1:31:56]} Nd7 {[%clk 1:32:10]}
6. O-O {[%clk 1:31:47]} Ne7 {[%clk 1:29:34]} 7. Nbd2 {[%clk 1:31:48]} Bg6
{[%clk 1:19:19]} 8. Nb3 {[%clk 1:28:56]} a6 {[%clk 1:11:38]} 9. a4
{[%clk 1:24:49]} Qc7 {[%clk 1:08:03]} 10. a5 {[%clk 1:09:10]} c5 {[%clk 1:02:23]}
11. Nxc5 {[%clk 1:05:16]} Nxc5 {[%clk 1:00:35]} 12. dxc5 {[%clk 1:05:39]} Nc6
{[%clk 0:41:53]} 13. Be3 {[%clk 1:01:49]} Be7 {[%clk 0:38:51]} 14. Qd2
{[%clk 0:45:04]} O-O {[%clk 0:37:08]} 15. b4 {[%clk 0:44:45]} Nxe5
{[%clk 0:35:36]} 16. Bf4 {[%clk 0:43:33]} Bf6 {[%clk 0:29:39]} 17. Rae1
{[%clk 0:40:02]} Nxf3+ {[%clk 0:26:43]} 18. Bxf3 {[%clk 0:40:25]} Qc6
{[%clk 0:25:04]} 19. c4 {[%clk 0:36:11]} Rfd8 {[%clk 0:21:04]} 20. Bd6
{[%clk 0:28:19]} Be4 {[%clk 0:16:24]} 21. Bxe4 {[%clk 0:26:28]} dxe4
{[%clk 0:16:51]} 22. Qc2 {[%clk 0:26:19]} Rd7 {[%clk 0:17:04]} 23. Rxe4
{[%clk 0:22:21]} Rad8 {[%clk 0:17:16]} 24. Ree1 {[%clk 0:18:08]} Be7
{[%clk 0:16:14]} 25. Bxe7 {[%clk 0:16:48]} Rxe7 {[%clk 0:16:40]} 26. Rd1
{[%clk 0:16:57]} Red7 {[%clk 0:17:07]} 27. h3 {[%clk 0:16:51]} g6
{[%clk 0:10:42]} 28. Rxd7 {[%clk 0:15:49]} Qxd7 {[%clk 0:11:09]} 29. Qe4
{[%clk 0:15:30]} Qc7 {[%clk 0:11:16]} 30. b5 {[%clk 0:11:37]} axb5
{[%clk 0:07:19]} 31. cxb5 {[%clk 0:12:00]} Rd5 {[%clk 0:07:47]} 32. a6
{[%clk 0:04:20]} Qxc5 {[%clk 0:06:15]} 33. Ra1 {[%clk 0:03:29]} bxa6
{[%clk 0:06:24]} 34. bxa6 {[%clk 0:03:52]} Qa7 {[%clk 0:05:55]} 35. Qb4
{[%clk 0:03:33]} Kg7 {[%clk 0:03:39]} 36. Qc3+ {[%clk 0:03:52]} e5
{[%clk 0:02:52]} 37. h4 {[%clk 0:02:03]} h5 {[%clk 0:02:53]} 38. Qe3
{[%clk 0:00:55]} Qxe3 {[%clk 0:00:45]} 39. fxe3 {[%clk 0:01:21]} Rd8
{[%clk 0:01:13]} 40. a7 {[%clk 0:31:38]} Ra8 {[%clk 0:31:41]} 41. Ra6
{[%clk 0:31:35]} f6 {[%clk 0:18:28]} 42. Kf2 {[%clk 0:30:59]} e4 {[%clk 0:13:25]}
43. Ke2 {[%clk 0:25:00]} g5 {[%clk 0:12:14]} 44. g3 {[%clk 0:25:05]} Kg6
{[%clk 0:12:36]} 45. Ra5 {[%clk 0:25:08]} Kf7 {[%clk 0:11:59]} 46. Kd2
{[%clk 0:24:59]} Ke6 {[%clk 0:11:39]} 47. Kc3 {[%clk 0:24:34]} gxh4
{[%clk 0:10:43]} 48. gxh4 {[%clk 0:24:58]} Kd6 {[%clk 0:10:33]} 49. Kd4
{[%clk 0:24:28]} f5 {[%clk 0:10:58]} 50. Ra3 {[%clk 0:22:43]} Kc6
{[%clk 0:09:47]} 51. Ke5 {[%clk 0:22:52]} Kb7 {[%clk 0:10:13]} 52. Kf4
{[%clk 0:21:53]} Kb6 {[%clk 0:10:39]} 53. Kxf5 {[%clk 0:21:57]} Kb7
{[%clk 0:11:06]} 54. Kxe4 {[%clk 0:21:40]} Re8+ {[%clk 0:11:34]} 55. Kf5
{[%clk 0:21:37]} Ka8 {[%clk 0:12:01]} 56. e4 {[%clk 0:20:58]} 1-0

[Event "European Individual Chess Championship 2017"]
[Site "?"]
[Date "2017.05.31"]
[Round "2.74"]
[White "Morozov, Vitalij"]
[Black "Jojua, Davit"]
[Result "0-1"]
[BlackElo "2581"]
[WhiteElo "2034"]
[LiveChessVersion "1.4.8"]

1. e4 {[%clk 1:30:57]} c5 {[%clk 1:30:54]} 2. Nc3 {[%clk 1:31:19]} a6
{[%clk 1:31:00]} 3. g3 {[%clk 1:31:38]} b5 {[%clk 1:30:47]} 4. d3
{[%clk 1:26:45]} Bb7 {[%clk 1:30:53]} 5. a4 {[%clk 1:23:57]} b4 {[%clk 1:30:18]}
6. Nd5 {[%clk 1:23:46]} e6 {[%clk 1:13:56]} 7. Ne3 {[%clk 1:23:51]} d5
{[%clk 1:13:20]} 8. f3 {[%clk 1:22:03]} Nf6 {[%clk 1:04:51]} 9. Nh3
{[%clk 1:18:19]} Be7 {[%clk 0:53:36]} 10. Bg2 {[%clk 1:18:08]} O-O
{[%clk 0:54:01]} 11. O-O {[%clk 1:17:41]} Qc7 {[%clk 0:53:00]} 12. Qe2
{[%clk 1:11:00]} Nc6 {[%clk 0:52:13]} 13. Rd1 {[%clk 1:07:47]} Rfd8
{[%clk 0:50:02]} 14. Bd2 {[%clk 1:07:46]} Nd4 {[%clk 0:48:46]} 15. Qf1
{[%clk 1:08:00]} c4 {[%clk 0:43:54]} 16. Be1 {[%clk 1:00:12]} b3 {[%clk 0:33:25]}
17. dxc4 {[%clk 0:44:24]} Bc5 {[%clk 0:30:08]} 18. Kh1 {[%clk 0:35:40]} dxe4
{[%clk 0:27:50]} 19. fxe4 {[%clk 0:31:33]} bxc2 {[%clk 0:21:49]} 20. Rxd4
{[%clk 0:29:04]} Bxd4 {[%clk 0:20:35]} 21. Nxc2 {[%clk 0:29:10]} Bxb2
{[%clk 0:19:44]} 22. Rb1 {[%clk 0:29:29]} Be5 {[%clk 0:19:47]} 23. Nf2
{[%clk 0:24:03]} Rab8 {[%clk 0:18:10]} 24. Nb4 {[%clk 0:22:00]} Bd4
{[%clk 0:15:36]} 25. Qe2 {[%clk 0:20:05]} a5 {[%clk 0:13:49]} 26. Nc2
{[%clk 0:14:40]} Bxf2 {[%clk 0:13:11]} 27. Rxb7 {[%clk 0:14:26]} Rxb7
{[%clk 0:12:18]} 28. Bxf2 {[%clk 0:12:43]} Rb1+ {[%clk 0:12:37]} 29. Ne1
{[%clk 0:12:57]} Qe5 {[%clk 0:11:15]} 30. Bf3 {[%clk 0:10:03]} Qc3
{[%clk 0:10:24]} 31. Kg2 {[%clk 0:10:10]} Rd2 {[%clk 0:10:19]} 0-1

[Event "European Individual Chess Championship 2017"]
[Site "?"]
[Date "2017.05.31"]
[Round "2.75"]
[White "Mastrovasilis, Dimitrios"]
[Black "Nasybullina, Alfia"]
[Result "1-0"]
[BlackElo "2162"]
[WhiteElo "2580"]
[LiveChessVersion "1.4.8"]

1. e4 {[%clk 1:27:05]} e6 {[%clk 1:30:53]} 2. d4 {[%clk 1:27:16]} d5
{[%clk 1:31:16]} 3. e5 {[%clk 1:27:23]} b6 {[%clk 1:30:07]} 4. Bb5+
{[%clk 1:27:21]} c6 {[%clk 1:28:24]} 5. Ba4 {[%clk 1:27:40]} Bd7 {[%clk 1:23:00]}
6. c3 {[%clk 1:27:11]} c5 {[%clk 1:23:21]} 7. Bc2 {[%clk 1:27:07]} Nc6
{[%clk 1:23:42]} 8. Ne2 {[%clk 1:14:44]} cxd4 {[%clk 1:19:40]} 9. cxd4
{[%clk 1:14:52]} Nb4 {[%clk 1:15:40]} 10. Bb3 {[%clk 1:14:31]} Bb5
{[%clk 1:14:49]} 11. Nbc3 {[%clk 0:56:32]} Nd3+ {[%clk 1:07:36]} 12. Kf1
{[%clk 0:56:44]} Qh4 {[%clk 1:05:33]} 13. Be3 {[%clk 0:40:30]} Ba6
{[%clk 0:59:29]} 14. Bxd5 {[%clk 0:24:11]} Nxb2 {[%clk 0:36:49]} 15. Bc6+
{[%clk 0:23:41]} Kd8 {[%clk 0:37:06]} 16. Qc1 {[%clk 0:23:04]} Nd3
{[%clk 0:27:17]} 17. Bg5+ {[%clk 0:22:59]} Be7 {[%clk 0:26:55]} 18. Bxh4
{[%clk 0:22:41]} Nxc1 {[%clk 0:26:19]} 19. Bxe7+ {[%clk 0:21:49]} Nxe7
{[%clk 0:26:37]} 20. Bxa8 {[%clk 0:22:07]} 1-0